Regional disparities in the efficiency of industrial activities
Metodológia regionálneho porovnania. Indikátory efektívnosti priemyselných aktivít v oblasti Slovenska. Aplikácia metódy hlavných komponentov v analýze efektívnosti priemyselných aktivít. Využitie klasterovej analýzy. Prílohy.
Na minha lista:
| Autor principal: | |
|---|---|
| Formato: | Capítulo de Livro |
| Idioma: | inglês |
| Assuntos: | |
| Tags: |
Sem tags, seja o primeiro a adicionar uma tag!
|
MARC
| LEADER | 00000naa$a2200000$$$4500 | ||
|---|---|---|---|
| 001 | 0122420 | ||
| 005 | 20240502072402.2 | ||
| 041 | 0 | |a eng | |
| 044 | |a SK | ||
| 245 | 1 | 0 | |a Regional disparities in the efficiency of industrial activities |c Mária Vojtková |
| 520 | |a Metodológia regionálneho porovnania. Indikátory efektívnosti priemyselných aktivít v oblasti Slovenska. Aplikácia metódy hlavných komponentov v analýze efektívnosti priemyselných aktivít. Využitie klasterovej analýzy. Prílohy. | ||
| 610 | 2 | 0 | |a priemysel |
| 610 | 2 | 0 | |a efektívnosť |
| 610 | 2 | 0 | |a regióny |
| 610 | 2 | 0 | |a disparita |
| 610 | 2 | 0 | |a analýzy |
| 610 | 2 | 0 | |a klaster |
| 610 | 2 | 0 | |a Slovensko |
| 100 | 1 | |a Vojtková, Mária, 1966- | |